000 00291nam a2200121Ia 4500
008 190216s9999||||xx |||||||||||||| ||und||
100 _aPublication Division Author
245 0 _aNadinte Manam
260 _bPublications Division
_c1967
300 _a96p
650 _aKavithkal
942 _cBK
999 _c24225
_d24225